[Event "Moscow Aeroflot op"]
[Site "Moscow"]
[Date "2002.02.05"]
[Round "2"]
[White "Macieja, Bartlomiej"]
[Black "Vorobiov, Evgeny E"]
[Result "1/2-1/2"]
[WhiteElo "2612"]
[BlackElo "2534"]
[Annotator "Ribli,Z"]
[PlyCount "74"]
[EventDate "2002.02.04"]
[EventType "swiss"]
[EventRounds "9"]
[EventCountry "RUS"]
[SourceTitle "CBM 088"]
[Source "ChessBase"]
[SourceDate "2002.03.21"]
[SourceVersion "1"]
[SourceVersionDate "2002.03.21"]
[SourceQuality "1"]

1. e4 c5 2. Nc3 e6 3. Nf3 Nc6 4. d4 cxd4 5. Nxd4 Qc7 6. Be3 a6 7. Be2 (7. a3 b5
$11) 7... Nf6 8. a3 {Das sieht nach einer genügsamen Fortsetzung aus. Weiß
verhindert damit Bb4. Der Textzug stellt Schwarz in der Tat nicht vor große
Probleme.} Be7 {Jetzt wäre 8...b5 weniger gut, denn nach 9.Nxc6 wäre Qxc6?
wegen 10.Bf3 ganz schlecht: Spielt Schwarz stattdessen 9...bxc4, so bekommt
Weißt durch 10.f4 das bessere Spiel.} (8... d5 $5) 9. f4 (9. g4 h6 10. Qd2 b5
11. f3 Bb7 12. h4 Ne5 13. Rg1 Nc4 14. Bxc4 Qxc4 15. Nb3 a5 {1/2-1/2 Vydeslaver,
A-Tunik,G/Beersheba 1996/CBM 53 (55)}) 9... d6 10. g4 {Das ist die Idee von
Weiß: Er rochiert nicht, sondern zieht gleich seinen Angriff am Königsflügel
auf.} d5 $5 {[%mdl 4] Der Durchbruch im Zentrum ist gewöhnlich das richtige
Mittel, wenn der Gegner einen Angriff am Flügel fährt.} (10... O-O 11. g5 Nd7
12. h4 Re8 13. h5 Nxd4 14. Qxd4 e5 15. Qd2 exf4 16. Bxf4 Ne5 17. Nd5 Qc6 18.
O-O-O Bf8 19. h6 {1-0 Sedlak,N-Pinter,G/Balatonlelle 2001/EXT 2002 (27)}) (
10... Nxd4 11. Qxd4 O-O (11... e5 12. Qd2 exf4 13. Bxf4 Nxg4 14. O-O-O Nf6 15.
Rhg1 g6 16. Bg5 Qd8 17. e5 {1-0 Dworakowska,J-Velcheva,M/Elista 1998/CBM 66
ext (26)}) 12. g5 Nd7 13. h4 Rd8 14. O-O-O b5 15. h5 Bb7 16. h6 e5 17. Qd2 Nc5
18. hxg7 Bxe4 19. Kb1 Bf5 20. Nd5 Qb7 21. Bf3 e4 22. Bh5 Kxg7 23. Qh2 Kf8 24.
Bd4 {1-0 Popovic,D-Boskovic,D/Obrenovac YUG 2002/(55)}) (10... h6 11. h4 (11.
Rg1 g5 12. Nxc6 bxc6 13. Qd3 Rb8 14. b3 Nd7 15. Na4 Bb7 16. Rf1 gxf4 17. Rxf4
Ne5 18. Qc3 Bh4+ 19. Rf2 c5 {0-1 Maslianok,S-Brodsky,M/Krasnodar 1997/EXT 2000
(45)}) 11... Nxd4 12. Qxd4 e5 13. Qd2 Bxg4 14. Bxg4 Nxg4 15. O-O-O Nxe3 (15...
Qc6 16. f5 Rc8 17. Kb1 h5 18. Rh3 Bd8 19. Nd5 Ba5 20. Qg2 b5 21. Bc1 Bd8 22.
Ne3 Nf6 {1/2-1/2 Blehm,P-Movsesian,S/CZE 2000/EXT 2001 (22)}) 16. Qxe3 exf4 17.
Qxf4 Rc8 18. Rd2 Qc4 19. Rf2 g5 20. Qf3 Qe6 21. hxg5 Bxg5+ 22. Kb1 O-O 23. Nd5
{1-0 Movsesian,S-Van der Sterren,P/Germany 2000/CBM 76 (30)}) 11. exd5 (11. e5
Nd7 {Diese Stellung ist typisch für die Französische Verteidigung - das
Zentrum ist geschlossen, Weiß besitzt Raumvorteil, aber Schwarz hat auch seine
Chancen - er kann die Stellung mit g5 oder (mittelfristig) mit f6 sprengen.})
11... Nxd5 (11... exd5 12. Nb3 $16 (12. g5 Ne4 13. Nxd5 $2 Qa5+ 14. Nb4 Nxb4
15. axb4 Qxb4+ $17) (12. O-O $14)) 12. Nxd5 Bh4+ $1 {Dieses Zwischenschach ist
die Pointe des schwarzen Spiels.} (12... exd5 13. O-O $36) 13. Bf2 (13. Kf1
exd5 14. g5 $2 O-O {[%cal Gf8e8,Ge8e2] Schwarz kann anschließend entweder mit
f6 die weiße Bauernkette sprengen oder Re8 ziehen.} (14... h6 $15) 15. Nf3 Re8
16. Qd2 Bh3+ 17. Kg1 d4 18. Nxd4 Rad8 $17) 13... Bxf2+ 14. Kxf2 exd5 $13 {
Schwarz hat zwar einen isolierten Bauern auf d5, dafür ist aber die weiße
Königsstellung gefährdet - momentan hängt der Pf4. Auf der anderen Seite hat
Weiß die Kontrolle über das Schlüsselfeld d4.} 15. Qd2 O-O (15... Nxd4 16. Qxd4
O-O 17. c3 $13) 16. c3 Qe7 {[%cal Re7h4,Rh4f2]} 17. h4 {Weiß muss sich gegen
17...Qh4+ verteidigen.} (17. g5 $6 f6 $36 {[%cal Gf8f2]}) 17... Bd7 18. h5 {
[%cal Gh5h6]} (18. Rae1 $13) 18... h6 19. Rag1 Rfe8 {[%cal Ge8e1]} 20. Bf3 Rac8
21. Nxc6 (21. Bxd5 $2 {Dieser Zug ist zu optimistisch.} Nxd4 22. cxd4 (22. Qxd4
$2 Qe2+ $19) 22... Qd6 23. Bxb7 (23. Bf3 Rc4 24. Rd1 Ba4 $17) 23... Rc4 24. Rd1
Bxg4 $17) (21. g5 Nxd4 22. cxd4 (22. Qxd4 Rc4 23. Qd2 Qc5+ $13) 22... Bf5 $36 {
[%cal Rc8c2,Rc2f2]}) 21... Rxc6 22. Re1 (22. Bxd5 Rd6 $36 {[%cal Gd6d2]}) 22...
Qc5+ 23. Kg2 (23. Qd4 Qxd4+ 24. cxd4 Rc2+ 25. Kg3 Rxe1 26. Rxe1 Rxb2 27. Bxd5
Kf8 $11) 23... Rce6 {[%cal Ge8e1]} 24. Rxe6 Rxe6 25. Re1 (25. Qxd5 Re2+ 26. Kh3
Qe3 $17) (25. Bxd5 Bc6 $17 (25... Rd6 $17)) 25... b6 {Dieser kleine Zug
verbessert die schwarze Bauernstellung am Damenflügel.} 26. Re5 (26. Rxe6 fxe6
$11) 26... Rxe5 27. fxe5 Be6 $11 {Weiß hat die aktivere Stellung, aber sein
Pe5 ist schlecht. Auch seine Bauern am Königsflügel (Pg4, Ph5) sind angreifbar.
} 28. g5 Qe7 $1 {[%mdl 256]} (28... hxg5 29. Qxg5 $36) 29. gxh6 Qh4 {[%csl Rg2]
} 30. hxg7 (30. Bxd5 Bh3+ 31. Kg1 Qg4+ 32. Kh2 (32. Bg2 Bxg2 33. Qxg2 Qd1+ $11)
32... Qxh5 $11) 30... Bh3+ 31. Kg1 Qg3+ 32. Bg2 Bxg2 33. Qf2 $5 (33. Qxg2 Qxe5
$15 (33... Qe1+ $11)) 33... Qxe5 (33... Qxf2+ 34. Kxf2 Be4 35. h6 $16 {[%cal
Rf2e3,Re3d4]}) 34. Kxg2 Qg5+ (34... Qxg7+ 35. Kh3 $11) 35. Kf1 Qc1+ 36. Kg2
Qg5+ 37. Kf1 Qc1+ 1/2-1/2

[Event "Julian Borowski 1st"]
[Site "Essen"]
[Date "1999.03.28"]
[Round "2"]
[White "Lobron, Eric"]
[Black "Milov, Vadim"]
[Result "0-1"]
[WhiteElo "2553"]
[BlackElo "2633"]
[Annotator "Ribli,Z"]
[PlyCount "92"]
[EventDate "1999.03.??"]
[EventType "tourn"]
[EventRounds "9"]
[EventCountry "GER"]
[EventCategory "14"]
[SourceTitle "CBM 071"]
[Source "ChessBase"]
[SourceDate "1999.08.01"]
[SourceVersion "1"]
[SourceVersionDate "1999.08.01"]
[SourceQuality "1"]

{[%mdl 8704]} 1. e4 c5 2. Nf3 e6 3. d4 cxd4 4. Nxd4 Nc6 5. Nc3 Qc7 6. Be3 Nf6 {
Ein seltener Zug. Normalerweise spielt man 6...a6 und in einigen Varianten
spielt Schwarz Nf6 später. Aber GM Milov hat andere Ideen. Ribli.} 7. Bd3 (7.
Ndb5 Qb8 8. f4 a6 9. Nd4 Bb4 10. Qf3 d5 11. exd5 Nxd5 12. Nxc6 bxc6 13. Bd2 O-O
14. Bd3 Qb6 {1/2-1/2 Leko,P-Titz,H/AUT-chT 1993/TD 93\08 (55)}) (7. Be2 b6 {
Natürlich kann Schwarz stattdessen 7...a6 ziehen, was zu Hauptvarianten führt.}
8. Qd2 $5 (8. Ndb5 $5) (8. g4 $6 h6 9. Qd2 Nxd4 10. Bxd4 e5 11. Nb5 $8 (11. Be3
$2 Bb4 12. f3 Bb7 $17 {[%cal Gd7d5]}) 11... Qb8 12. Be3 Nxe4 (12... a6 13. Nc3
Bb4 14. f3 Qc7 $13) 13. Qd3 $44 {Weiß hatte bessere Entwicklung und
positionellen Druck für den Bauern in der Partie Shirov,A - Zvjagintsev,V Biel
1995.})) 7... b6 $146 {Eine interessante Neuerung in 7.Zug!! Schwarz spielt 
(noch) nicht 7...a6 und provoziert den Zug 8.Ndb5. Ich glaube, dieser Zug ist
der Einfluß des Grossmeisters Zvjagintsevs, der auch in diesem Turnier spielte.
Nach 7.Be2 ist b6 Zvjagintsevs Lieblingsvariante.} (7... Nxd4 8. Bxd4 Bc5 9.
Bxc5 Qxc5 10. Qe2 d6 11. f4 (11. O-O-O a6 12. f4 e5 13. f5 b5 14. g4 b4 (14...
h6 $5) 15. Na4 Qa5 16. b3 Bd7 17. g5 Ng8 18. Bc4 Bxa4 19. bxa4 Ne7 20. Rxd6 O-O
21. g6 Nc8 22. Qh5 {1-0 Rytshagov,M-De Haan,E/Soest op 1996 (22)}) 11... e5 12.
f5 a6 13. g4 h6 14. O-O-O b5 15. h4 Bb7 16. g5 Nd7 17. Kb1 Nb6 18. gxh6 gxh6
19. Qg4 O-O-O $13 {1-0 Lau,R-Lobron,E/BL9192 1992/BL 90 (43)}) (7... a6 $5) 8.
Qe2 (8. Qd2) 8... Bb7 9. O-O-O Bb4 (9... Nxd4 10. Bxd4 e5 11. Nd5 $14) 10. Ndb5
Qb8 11. a3 a6 $1 {Das ist die schwarze Gegenchance! Er opfert einen Bauern für
Gegenspiel.} (11... Bxc3 $6 12. Nxc3 O-O 13. f4 $14 {Weiß besitzt das
Läuferpaar und gute Angriffschancen, während Schwarz ohne Gegenspiel ist.}) 12.
axb4 (12. Nd4 $2 Bxc3 13. bxc3 Nxd4 14. Bxd4 e5 $17 15. Bxb6 $2 Qd6 $40 {
[%cal Rd6b6,Rd6a3]}) 12... axb5 13. Bxb5 O-O $44 {Schwarz hat einen Bauern
weniger, aber die a-Linie ist geöffnet, was für Weiß sehr unangenehm ist.
Schwarz kann außerdem Gegenspiel in der halboffenen c-Linie organisieren.} 14.
Bxc6 (14. Bxb6 Ra1+ 15. Kd2 Qd6+ $132 {[%cal Rd6b4,Rd6d2]}) 14... Bxc6 15. Bg5
(15. f3 Rc8 $44 (15... Ra1+ 16. Nb1 d5 $36)) 15... b5 ({[#]} 15... Nxe4 $5 16.
Nxe4 Qe5 {[%csl Gc6,Re4,Ge5,Rg5]} 17. Be7 Rfe8 $36) (15... Ra1+ 16. Kd2 Qd6+
17. Qd3 Rxd1+ 18. Rxd1 Nxe4+ 19. Nxe4 Qe5 20. Nf6+ gxf6 21. f4 $1 Qxb2 22. Bh6
$40) 16. Bxf6 (16. Kb1 Qa7 {[%csl Rb1][%cal Ra8a1]}) 16... Qf4+ {[%cal Rf4f6,
Rf4c1]} 17. Qe3 (17. Kb1 Qxf6 $44 {[%cal Ga8a1]}) 17... Qxf6 {Schwarz hat
immer etwas Kompensation für den Bauern, denn der weiße König findet keine
Ruhe.} 18. f3 (18. Kb1 Ra6 {[%cal Gf8a8,Ga8a1]}) (18. Qd4 $6 Ra1+ 19. Nb1 Qg5+
$15) 18... Rfc8 {[%csl Rc1][%cal Gc8c1]} 19. h4 d5 {[%csl Rc1]} 20. e5 {
Es ist notwendig für Weiß, die Stellung geschlossen zu halten.} (20. exd5 $6
Bxd5 21. Nxd5 exd5 $36 {[%csl Rc1,Gf6][%cal Gc8c1,Ga8a1]}) 20... Qe7 {[%cal
Re7b4]} 21. Qd4 Be8 {[%csl Rb4][%cal Rc8c4,Rc4d4,Rc4b4]} 22. b3 Ra6 {[%cal
Ga6c6,Gc8c1] Schwarz hat lebendiges Figurenspiel für den Bauern.} 23. f4 Rac6
24. Rh3 (24. Rd3) 24... f6 $1 {[%cal Ge8g6,Gg6c2]} 25. exf6 Qxf6 26. Kb2 (26.
Qxf6 gxf6 27. Kb2 Bg6 $44) 26... Bg6 {[%cal Gc8c2,Gg6c2] Schwarz hat starken
Druck am Damenflügel und es ist nicht leicht für Weiß, seine Stellung zu
befreien.} 27. g4 (27. Qxf6 gxf6 28. Rd2 h5 $44) 27... h5 28. Qxf6 (28. g5 Qf5
{[%cal Rf5h3,Rg6c2]} 29. Rhd3 Qg4 $132 {[%csl Gg4][%cal Rg6d3,Rg4h4]}) 28...
gxf6 29. gxh5 Bxh5 {Es ist interessant, daß Schwarz auch nach Damentausch
Kompensation besitzt.} 30. Rd2 Bg6 {[%cal Gg6c2,Gc8c2]} 31. Rg3 Kh7 (31... Kf7
32. h5 Bxh5 33. Nxb5) 32. Nxb5 $13 {Weiß verliert die Geduld. Mit diesem Zug
gibt er den c-Bauern auf, befreit aber endlich seinen Springer.} (32. h5 Bf5
33. h6 $5) 32... Rxc2+ 33. Rxc2 Rxc2+ 34. Ka3 e5 {[%csl Gc2,Gd5,Ge5,Gg6]
Schwarz hat zwei gesunde verbundene Bauern im Zentrum, aber in dieser
taktischen Stellung hat auch Weiß seine Chancen.} (34... Rf2) 35. fxe5 fxe5 {
[%csl Gd5,Ge5]} 36. Rg5 d4 $1 (36... Re2 $2 37. Nc3 $16 {[%cal Rc3d5,Rc3e2]})
37. h5 (37. Rxe5 d3 $132) 37... Bf7 38. Rxe5 (38. Nd6 $1 d3 $2 39. Nxf7 d2 40.
h6 $18 {[%csl Rh7]}) 38... d3 {[%csl Gd3] Der d-Bauer ist die einzige Chance
des Schwarzen.} 39. Re7 Kg8 (39... Kg7 $2 40. h6+) 40. Rd7 (40. h6 d2 41. Rd7
Bh5 {Das ist mit Zugumstellung die Partiefortsetzung.}) 40... d2 41. h6 Bh5 {
[%cal Gh5d1]} 42. h7+ Kh8 {[#]} 43. Nd6 $4 {Ein unglaublicher Fehler! Es wäre
für Remis noch nicht zu spät gewesen.} (43. Nc3 Bg4 (43... Rxc3 44. Rxd2 $11 {
Das Endspiel Turm und Läufer gegen Turm ist theoretisch Remis. Bei gutem Spiel
kann Weiß die Stellung halten.}) 44. Rd4 Rxc3 45. Rxd2 $11) 43... d1=Q $19 44.
Nf7+ Kxh7 {Ich glaube, Weiß hat diesen einfachen Zug übersehen.} (44... Bxf7 $4
45. Rxd1 $11) 45. Rxd1 Bxd1 46. b5 Rc3 {[%csl Rb3] Weiß gab in verlorener
Stellung auf.} 0-1

[Event "Olympiad-36"]
[Site "Mallorca"]
[Date "2004.10.24"]
[Round "9"]
[White "Kulaots, Kaido"]
[Black "Oral, Tomas"]
[Result "1/2-1/2"]
[WhiteElo "2597"]
[BlackElo "2565"]
[Annotator "Ribli,Z"]
[PlyCount "88"]
[EventDate "2004.10.15"]
[EventType "team-swiss"]
[EventRounds "14"]
[EventCountry "ESP"]
[SourceTitle "CBM 104"]
[Source "ChessBase"]
[SourceDate "2005.01.27"]
[SourceVersion "1"]
[SourceVersionDate "2005.01.27"]
[SourceQuality "1"]
[WhiteTeam "Estonia"]
[BlackTeam "Czech Republic"]
[WhiteTeamCountry "EST"]
[BlackTeamCountry "CZE"]

1. e4 c5 2. Nf3 Nc6 3. d4 cxd4 4. Nxd4 Qc7 5. Nc3 e6 6. Be3 a6 7. Qd2 Nf6 8.
O-O-O b5 {Dieser Zug ist ein seltener Gast in der Turnierpraxis - gewöhnlich
spielt Schwarz 8...Bb4. In dieser Partie möchte Schwarz die theoretischen
Hauptvarianten vermeiden.} 9. Bf4 {Das ist die stärkste Fortsetzung für Weiß.
Die Alternative ist 9.Nxc6.} Qb6 10. e5 (10. Nb3 Ng4 11. f3 Nge5 12. Kb1 d6 13.
Be3 Qb7 $1 {Movsesian: 'Black queen is much more flexible here.'} 14. h4 Rb8 {
[><c4]} 15. Qf2 Bd7 {Movsesian: 'There is no need to hurry to develop
blacksquared bishop.'} 16. h5 Nc4 17. Bc1 Qb6 18. Qxb6 Nxb6 $11 {Movsesian:
'This type of sicilian endgames are usually OK for black. '} 19. Bf4 Ne5 20.
Nc5 Bc8 21. a4 $6 {Movsesian: 'Overoptimistic.'} (21. Nd3 f6 $11) 21... f6 22.
Nb3 bxa4 23. Na5 Kf7 $15 {1/2-1/2 Leko,P-Movsesian,S/Bled (ol) 2002/ (29)})
10... Qxd4 (10... Nxd4 $2 11. exf6 Nc6 12. Ne4 d5 13. Nd6+ $16 {1-0
Kasimdzhanov,R-Polgar,J/Moscow (m/3-blitz) 2002/[Ribli] (42)}) 11. Qxd4 Nxd4
12. Rxd4 Ng4 {[%mdl 4]} (12... Nh5 $2 13. Be3 Bb7 14. Be2 g6 15. Rhd1 O-O-O 16.
g4 Ng7 17. Bg5 $16 {1-0 Popovic,D-Zakic,Z/Senta YUG 2002/(52)}) (12... b4 13.
Na4 Nd5 14. Bg3 Bb7 15. Bc4 $14) 13. Be2 {Weiß hat großen Entwicklungs- und
Raumvorteil, aber Schwarz hat einige taktische Gegenchancen. Obwohl kein Damen
auf dem Brett sind, ist die Stellung ganz schön kompliziert.} (13. Bg3 f5 14.
Be2 Bc5 15. Rd2 Bb7 $13 {1/2-1/2 Stiri,A-Vasilevich,I/Heraklio GRE 2002/(57)})
13... Bc5 (13... Nxf2 14. Bf3 Nxh1 15. Bxa8 $36) (13... h5 14. Bf3 Rb8 15. h3
Nh6 16. g4 $16 {Kohlweyer,B-Kragelj,I/Saint-Vincent 87/(162) 2003/[Kragelj,I] 
(16)}) 14. Rd2 Nxf2 $13 {Gut oder schlecht, Schwarz muss das Spiel
komplizieren.} (14... f5 15. Bxg4 fxg4 16. Ne4 $16) 15. Bf3 (15. Rf1 Bb7 16.
Bh5 $1 g6 17. Bf3 Bxf3 18. gxf3 Nh3 19. Bh6 $44) 15... Nxh1 16. Bxa8 {[%csl
Rh1] Der Springer steht nicht gut in der Ecke, aber Schwarz kann die Figur
retten.} Nf2 17. Bf3 (17. Bg3 Ng4 18. h3 Nh6 19. Rd3 $44) (17. h3 f6 $1 $13)
17... h5 (17... f5 18. exf6 gxf6 19. Bg3 Nh1 $8 $13) 18. Re2 Bd4 (18... Ng4 19.
Ne4 Be7 20. h3) (18... h4) (18... b4 $5 19. Na4 Ba7 20. Kd2 d5 21. exd6 Bd7 $13
) 19. h3 h4 {[%cal Gf2h1,Gh1g3] Schwarz bereitet das Springermanöver Nh1-Ng3
vor.} 20. Re1 f5 21. exf6 (21. Kd2 d5 22. exd6 Kd7 $13) 21... gxf6 22. Bh2 {
[%cal Gh2g1,Gg1d4]} Kf7 23. Ne2 Be3+ 24. Kb1 d5 {[%csl Gd5] Schwarz
mobilisiert seine Reserven - es droht 25...Ne4.} 25. Bg1 Bc5 26. b4 (26. Rf1
Ne4 27. Bxe4 Bxg1 28. Bxd5 Be3 29. Bf3 Rd8 $17) 26... Bxb4 (26... Ba7 27. Ka1 {
Jetzt droht schon 28.Rf1, denn es gibt kein Motiv mit Ne4-Nd2+.} (27. Rf1 Ne4
28. Bxa7 $2 (28. Bxe4 Bxg1 29. Bxd5 Be3 $17) 28... Nd2+ $19 {[%cal Rd2b1,Rd2f1]
}) 27... e5 28. Bxd5+ Be6 29. Bxe6+ Kxe6 30. Rf1 Rh5 {[%cal Gh5f5,Gf5f1]} 31.
Bxf2 Rf5 32. Bxa7 Rxf1+ 33. Kb2 f5 $132) 27. Bxf2 Bxe1 28. Bxe1 {[%mdl 4096]
Schwarz hat zwei Bauern und Turm gegen zwei Leichtfiguren, aber die weißen
Leichtfiguren stehen weniger aktiv und die schwarze Bauernmasse d5-e6-f6 ist
sehr stark.} Bb7 29. Nf4 e5 $1 {Schwarz opfert einen Bauern für Aktivität.} 30.
Bxd5+ (30. Nxd5 $2 e4 $1 (30... Rd8 31. Ne3 $14) 31. Bxe4 Rd8 {[%csl Rd5]} 32.
Ba5 Bxd5 33. Bxd8 Bxe4 34. Bb6 Bxg2 (34... Kg6 35. Bf2 Kg5 36. g3 hxg3 37. Bxg3
f5 $17) 35. Bf2 Bxh3 36. Bxh4 f5 $17) 30... Bxd5 31. Nxd5 f5 32. Ne3 Ke6 $15 {
[%csl Ge5,Ge6,Gf5] Die schwarze Bauern e und f mit der Unterstützung des
Königs sind sehr stark, während Weiß nichts machen kann, nur warten.} 33. Kc1
e4 34. Kd2 f4 35. Ng4 Kf5 36. Ke2 Rc8 37. Kd2 b4 $6 {Schwarz lässt den
h4-Bauern unverteidigt.} (37... Kg5) 38. Bxh4 e3+ (38... Rc3 39. Kc1 (39. Nf6
Ra3 40. Nd5 a5 $17) 39... f3 40. gxf3 Rxf3 41. Be7 Rxh3 42. Nf2 Rf3 43. Bc5 a5
(43... e3 44. Nd3) 44. Nd1 $11) 39. Kc1 a5 40. Be1 Rd8 41. Nh2 $11 Ke4 42. Ng4
Kf5 43. Nh2 Ke4 44. Ng4 Kf5 1/2-1/2

[Event "Swidnica"]
[Site "Swidnica"]
[Date "1999.03.25"]
[Round "2"]
[White "Zezulkin, Jurij"]
[Black "Gritsak, Orest"]
[Result "1/2-1/2"]
[WhiteElo "2473"]
[BlackElo "2521"]
[Annotator "Ribli,Z"]
[PlyCount "47"]
[EventDate "1999.03.??"]
[EventType "tourn"]
[EventRounds "9"]
[EventCountry "POL"]
[EventCategory "10"]
[SourceTitle "CBM 071"]
[Source "ChessBase"]
[SourceDate "1999.08.01"]
[SourceVersion "1"]
[SourceVersionDate "1999.08.01"]
[SourceQuality "1"]

{[%mdl 36]} 1. e4 c5 2. Nf3 Nc6 3. Nc3 e6 4. d4 cxd4 5. Nxd4 Qc7 6. Be3 a6 7.
Bd3 b5 {Eine gut spielbare Variante, aber 7...Nf6 ist populärer. Schwarz
entwickelt noch nicht seinen Königsflügel, wird zuerst am Damenflügel aktiv.
Ribli.} 8. O-O (8. Nxc6 Qxc6 (8... dxc6 9. O-O Bb7 10. a4 $36 {Weiß provoziert
den Zug ...b5-b4, wonach sein Springer über b1 und d2 nach c4 strebt.})) 8...
Bb7 9. Kh1 Nf6 10. Qe2 h5 $5 {[%cal Gf6g4] Ein extravaganter, aber nicht
schlechter Zug. Schwarz bereitet den Zug 11...Ng4 oder den weiteren Vormarsch
des h-Bauern vor, wonach er Gegenspiel am Königsflügel bekommt. Nach
"normalen" Entwicklungszügen z.B. 10...Be7 hat Weiß etwas Initiative.} (10...
Bb4 11. f4 Bxc3 12. bxc3 d5 13. exd5 Nxd5 14. f5 e5 15. Bd2 Nce7 16. Nb3 O-O
17. Rad1 f6 18. c4 bxc4 19. Bxc4 a5 {1/2-1/2 Zontakh,A-Novgorodsky,V/RUS-Cup1
Chigorin-mem 1996/EXP 56 (38)}) (10... Be7 11. f4 d6 12. a4 $1 (12. a3) 12...
b4 13. Na2 a5 (13... Rb8 $5) (13... d5 14. e5 Ne4 15. c3 bxc3 16. Nxc3 $16) (
13... O-O 14. Nxc6 Bxc6 15. Nxb4 Bxe4 16. Bxa6 $16) 14. c3 bxc3 15. Nxc3 $14)
11. Nxc6 (11. f4 $5 Ng4 12. Bg1 $13) 11... Bxc6 12. Bd4 h4 (12... e5 $6 13. Nd5
$14 {[%cal Ge2e8]}) 13. Bxf6 {Weiß versucht es mit Vereinfachungen, aber das
bringt keinen Vorteil. Nachhaltiger scheint die Alternative 13.f4, aber auch
dort bekommt Schwarz seine Chancen.} (13. f4 Be7 14. a3 d6 15. Bxf6 Bxf6 16.
Nd5 Qb7 17. Nb4 h3 18. g3 Bd7 19. c3 Bd8 20. Nc2 Bb6 $36 {0-1 Bobras,P-Landa,K/
Open, Cappelle la Grande FRA 1999 (35)}) 13... gxf6 {[#]} 14. Nd5 {Ein
typisches Motiv in der Sizilianischen Verteidigung. Jetzt ist das kein Opfer,
denn nach 14...exd5? 15.exd5 gewinnt Weiß die Figur sofort zurück.} Bxd5 $5 (
14... Qd8 15. c4 $14) (14... exd5 $2 15. exd5+ Qe5 16. dxc6 dxc6 (16... Qxe2
17. cxd7+ Kxd7 18. Bxe2 $16) 17. Qf3 $16) 15. exd5 Bd6 $11 {[%cal Rc7h2] Der
schwarze König steht in der Mitte nicht schlecht und auf den schwarzen Feldern
hat er Gegenspiel.} 16. dxe6 dxe6 17. h3 Ke7 {[%csl Ge7]} 18. a4 {Weiß öffnet
das Spiel am Damenflügel.} bxa4 (18... b4 $2 19. Bxa6 $16) 19. Rxa4 {[%csl Ra6]
} a5 20. Re4 (20. c3 $11) 20... f5 21. Rc4 {[%cal Rc4c7,Rd3f5,Ge2e7]} Qb7 {
[%csl Gb7][%cal Rb7b2]} 22. Bxf5 (22. b3 Qd5 $11 {[%cal Gd5e5,Gd6h2]} (22...
Rag8 23. f3 Qd5) (22... Rhg8 23. f3 {[%cal Rd3f5,Rc4h4]} Rg5 $5)) 22... Qxb2 {
[%cal Ga5a4,Ga4a3,Ga3a2,Gb2e5,Gd6h2]} 23. f4 {Gegen 23...Qe5 gerichtet.} Rac8
24. Bd3 {Und hier wurde Remis gegeben. Die Stellung ist materiell gleich.
Schwarz hat einen Freibauern in der h-Linie, aber sein König steht unsicher in
der Mitte. Die Chancen sind etwa gleich.} (24. Bd3 Rxc4 25. Bxc4 Qc3 $11)
1/2-1/2